000 00659nam a2200181Ia 4500
008 151202s9999||||xx |||||||||||||| ||und||
082 _bPNVM-30881
100 _aमोटे ह.वि.
245 _aविदब शारदा खंड-2(मराठी रंगभूमि ).
260 _bह.वि मोटे.
260 _c1975
300 _a398
600 _aमोटे ह.वि.
630 _aविदब शारदा खंड-2(मराठी रंगभूमि ).
700 _aमोटे ह.वि.
730 _aविदब शारदा खंड-2(मराठी रंगभूमि ).
942 _cBOOK
999 _c1296843
_d1296840